The Iban of Sarawak : chronicle of a vanishing world

Bibliographic Details
Main Author: SUTLIVE Vinson Hutchins] 1932-
Format: Book
Published: Kuala Lumpur : S. Abdul Majeed , 1992
Subjects:

MARC

LEADER 00000cam a2200000 7i4500
001 0000002783
005 20040108.0
020 0 0 |a 983899118X 
090 0 0 |a 304.2089992   |b SUT 1992 
100 1 0 |a SUTLIVE   |h Vinson H. [  |q Vinson Hutchins]   |c 1932- 
245 1 4 |a The Iban of Sarawak :   |b chronicle of a vanishing world   |c Vinson H. Sutlive 
260 0 0 |a Kuala Lumpur :   |b S. Abdul Majeed ,   |c 1992 
300 |a xi, 210 p. :   |b ill. ;   |c 21 cm. 
500 0 0 |a Includes bibliography : p. 203-205 and index 
650 0 0 |a Ibans (Bornean people) 
998 |a JPSM 
999 |a 0000004427   |b Monograph   |c Open Shelf   |e Default branch